Statistics for Pokemon with the letter Z in their name

Click here to take the quiz!

General Stats

  • This quiz has been taken 236 times
    (233 since last reset)
  • The average score is 9 of 34

Answer Stats

HintAnswer% Correct
Zygarde
56%
Zubat
53%
Zapdos
52%
Zangoose
49%
Zebstrika
48%
Zigzagoon
44%
Zorua
44%
Zoroark
43%
Zekrom
38%
Azelf
32%
Charizard
32%
Alakazam
31%
Electabuzz
30%
Zweilous
30%
Azumarill
26%
Blitzle
26%
Azurill
24%
Porygon-Z
24%
Mandibuzz
23%
Rayquaza
22%
Blaziken
20%
Magnezone
20%
Bronzong
18%
Buizel
18%
Bronzor
16%
Floatzel
16%
Scizor
16%
Unfezant
15%
Weezing
15%
Virizion
14%
Drowzee
13%
Nuzleaf
13%
Clawitzer
11%
Spritzee
8%

Score Distribution

Percentile by Number Answered

Percent of People with Each Score

Your Score History

You have not taken this quiz since the last reset